[Event "44th Guernsey Festival 2018"]
[Site "Vale"]
[Date "2018.10.27"]
[Round "7"]
[White "Thurlow, Kevin J"]
[Black "Van den Boogaart, Jan Maarten"]
[Result "1-0"]
[WhiteElo "2002"]
[BlackElo "2009"]
[Annotator "NA"]
[PlyCount "119"]
[EventDate "2018.10.21"]
[EventCountry "GCI"]
[SourceTitle "playchess.com"]
[Source "ChessBase"]
[SourceQuality "1"]

{[%evp 8,91,10,6,0,0,0,0,0,-16,0,-63,0,14,13,6,38,-22,-9,-34,32767,38,65,32767,32767,36,32767,41,43,47,44,40,50,53,47,49,96,115,311,338,300,330,363,409,541,534,576,605,32767,32767,32767,398,312,330,400,253,32767,32767,32767,32767,166,32767,157,32767,32767,32767,32767,32767,32767,32767,32767,221,261,294,261,279,32767,32767,32767,32767,403,281,268,303,267,281]} 1. c4 e5 2. Nc3 Nf6 3. Nf3 Nc6 4. e3 Bb4 5. Qc2 Bxc3 6. bxc3 O-O 7. Be2 d6 8. O-O {LiveBook: 5 Games A28: English Opening: Four Knights Variation} (8. d3 Qe7 9. e4 Ne8 10. Ba3 b6 11. O-O f5 12. d4 exd4 13. e5 d3 14. Qxd3 Bb7 15. exd6 Nxd6 {½-½ (27) Harikrishna,P (2738)-Svidler,P (2763) Palma de Mallorca 2017}) 8... b6 $146 ({Predecessor:} 8... e4 9. Nd4 Ne5 10. f3 c5 11. Nb3 Be6 12. fxe4 Bxc4 13. Bxc4 Nxc4 {½-½ (46) Nguyen,A (2479)-Nguyen Huynh Minh,H (2451) Da Lat 2011}) 9. Rb1 (9. e4 $11) 9... Re8 (9... e4 $15 10. Nd4 Ne5) 10. e4 Na5 11. d3 h6 12. h3 Nh7 13. Ne1 Be6 14. f4 exf4 15. Bxf4 Nf8 16. Nf3 Ng6 17. Bg3 Qe7 18. Nd4 Ne5 19. Nxe6 Qxe6 20. Rf2 Rf8 21. Rbf1 Nac6 22. d4 Qg6 $2 (22... Nxc4 $16 {keeps fighting.} 23. Qd3 (23. d5 Qg6 $11) 23... N6a5) 23. Kh2 Nd7 24. Bd3 Qg5 {[#]} 25. e5 $1 Nd8 $18 (25... Ncxe5 $142 26. dxe5 Nxe5) 26. exd6 cxd6 27. Bxd6 Re8 28. Rf5 Qe3 29. R1f3 Qe6 30. Bc7 f6 31. R5f4 Qc6 32. Bxd8 Raxd8 33. Be4 Qd6 34. Bd5+ Kh8 35. Qg6 Nf8 36. Qg3 Re7 37. Rh4 Qxg3+ 38. Kxg3 Re2 39. Re4 Re8 40. Rxe8 Rxe8 41. Kf2 Kh7 42. h4 Nd7 43. Bc6 Re7 44. Bxd7 Rxd7 45. Ke3 Kg8 46. Kd3 Kf7 47. Rf5 Ke6 48. Rb5 Rc7 49. h5 Kd6 50. a4 Rc6 51. a5 Kc7 52. axb6+ axb6 53. d5 Rd6 54. Kd4 f5 55. c5 bxc5+ 56. Kxc5 Rf6 57. d6+ Kc8 58. Kc6 g6 59. hxg6 Rxg6 60. Rxf5 1-0

[Event "44th Guernsey Festival 2018"]
[Site "Vale"]
[Date "2018.10.27"]
[Round "7"]
[White "Rowe, Peter"]
[Black "Grieve, Harry"]
[Result "0-1"]
[WhiteElo "1951"]
[BlackElo "2292"]
[Annotator "TA"]
[PlyCount "68"]
[EventDate "2018.10.21"]
[EventCountry "GCI"]
[SourceTitle "playchess.com"]
[Source "ChessBase"]
[SourceQuality "1"]

{[%evp 17,68,0,-2,-62,-6,0,-4,-4,2,-25,0,0,8,-20,-15,-22,-22,-43,-18,-21,0,0,42,-41,-29,-72,-38,-66,-58,-64,-39,-66,-66,-73,-58,-111,-104,-202,-202,-197,-200,-204,-201,-4918,-4898,-4914,-4910,-2398,-2175,-1726,-1734,-29989,-29990]} 1. d4 d5 2. Bf4 e6 3. Nf3 Nf6 4. e3 Bd6 5. Bg3 O-O 6. Bd3 c5 7. c3 b6 8. Nbd2 Bb7 9. Ne5 Nc6 {LiveBook: 163 Games} 10. Ndf3 {D02: 1 d4 d5 2 Nf3 sidelines, including 2...Nf6 3 g3 and 2...Nf6 3 Bf4} ({Better is} 10. a4 $11) (10. O-O Qc7 11. f4 Ne7 12. Qb1 Qc8 13. Bh4 Nf5 14. Bxf5 exf5 15. Bxf6 gxf6 16. Nef3 Qe6 17. Re1 Ba6 18. Nh4 cxd4 19. exd4 {1-0 (28) Korobov,A (2692)-Dominguez Perez,L (2739) Doha 2016}) 10... Ne4 (10... Ne7 $15) 11. Nxc6 $11 Bxc6 12. Bxd6 {The position is equal.} Nxd6 $146 ({Predecessor:} 12... Qxd6 13. O-O a6 14. Ne5 f6 15. Nxc6 Qxc6 16. Qh5 f5 17. Qe2 c4 18. Bc2 Rae8 {½-½ (18) Sakhra,R (1472)-Geisler,R (1835) Vellmar 2017}) 13. O-O Bb5 14. Bxb5 Nxb5 15. Qe2 Nd6 16. Nd2 Rc8 17. f4 cxd4 18. exd4 b5 19. Nb3 b4 20. Nc5 (20. cxb4 $14 Qb6 21. a3) 20... Qa5 21. Rf3 Rc6 22. Rh3 bxc3 23. bxc3 Rfc8 24. a4 h6 25. Rb1 Ne4 26. Rb5 (26. Nxe4 $15 dxe4 27. Qxe4) 26... Qc7 $17 {[%cal Re4c5]} 27. Rb7 (27. Nxe4 $17 {might work better.} dxe4 28. Qxe4) 27... Qxf4 $19 28. Rf3 {[#]} Qc1+ $1 ({Don't take} 28... Nxc5 29. Rxf4 Nxb7 30. h3) 29. Rf1 Qxc3 30. Rfxf7 $2 (30. Nxe4 dxe4 31. Qxe4) 30... Qxd4+ 31. Kh1 Rxc5 32. Rxg7+ Qxg7 33. Rxg7+ Kxg7 34. Qg4+ Kh7 {Precision: White = 20%, Black = 35%.} 0-1

[Event "44th Guernsey Festival 2018"]
[Site "Vale"]
[Date "2018.10.27"]
[Round "7"]
[White "Strade, Arita"]
[Black "Brown, Geoffrey M"]
[Result "1-0"]
[WhiteElo "1846"]
[BlackElo "1892"]
[Annotator "NA"]
[PlyCount "69"]
[EventDate "2018.10.21"]
[EventCountry "GCI"]
[SourceTitle "playchess.com"]
[Source "ChessBase"]
[SourceQuality "1"]

{[%evp 8,69,25,23,41,27,47,-2,16,4,292,295,300,302,283,308,306,310,472,495,475,500,515,32767,32767,378,452,456,507,529,527,536,591,525,32767,696,716,781,922,927,877,881,822,935,883,1097,1033,878,833,758,984,1006,1098,1107,1128,1255,1276,32767,1631,2506,29986,29989,29991,29992]} 1. e4 e5 2. Nf3 Nc6 3. Bb5 a6 4. Ba4 b5 5. Bb3 Nf6 6. O-O Bc5 7. Nxe5 Nxe5 8. d4 {LiveBook: 182 Games [#]} Bd6 $2 {C78: Spanische Partie (Archangelsk- und Möller-Variante)} ({But not} 8... Nxe4 $6 9. dxc5 Bb7 10. Bd5 $16) (8... Bxd4 $1 $11 {[%mdl 512] and Black has nothing to worry.} 9. Qxd4 d6 10. a4 Rb8 11. Bf4 O-O 12. Nc3 c5 13. Qe3 c4 14. Ba2 b4 15. Ne2 Be6 16. f3 b3 17. Bb1 h6 {½-½ (74) Kulaots,K (2579)-Narayanan,S (2532) Stockholm 2018}) 9. dxe5 Bxe5 10. f4 Bd6 11. e5 Bc5+ 12. Kh1 Ne4 (12... O-O $142 13. exf6 Qxf6) 13. Qd5 O-O 14. Qxe4 ({But not} 14. Qxa8 Nf2+ 15. Rxf2 Bxf2 $18) 14... Rb8 15. Be3 $146 ({Vorgänger:} 15. f5 Bb7 16. Qg4 {1-0 (42) Glatty,Z (1828)-Wojdak,K (1408) Poznan 2018}) 15... d5 16. Qd3 $18 d4 17. Bf2 Rb6 18. Nd2 Bb7 19. Nf3 Rg6 20. c3 Qd7 21. f5 Rh6 22. cxd4 Bb6 23. e6 Qd6 24. exf7+ Kh8 25. Ne5 c5 26. Qg3 Bc7 27. Rac1 c4 28. Bd1 Qe7 29. Be3 Bxe5 30. dxe5 Qxf7 31. Bxh6 gxh6 32. Bf3 Rg8 33. Qh4 Rg5 34. e6 Qe7 35. Qd4+ 1-0

[Event "44th Guernsey Festival 2018"]
[Site "Vale"]
[Date "2018.10.27"]
[Round "7"]
[White "Nevska, Gerda"]
[Black "Collins, Alan"]
[Result "1-0"]
[WhiteElo "1819"]
[BlackElo "1650"]
[Annotator "NA RC"]
[PlyCount "65"]
[EventDate "2018.10.21"]
[EventCountry "GCI"]
[SourceTitle "playchess.com"]
[Source "ChessBase"]
[SourceQuality "1"]

{[%evp 8,56,12,16,9,14,15,1,11,-2,7,0,23,-3,27,24,22,23,9,2,7,10,11,32767,0,-7,17,0,70,61,54,25,50,38,25,14,40,24,51,26,27,-23,35,25,31,29,16,20,63,39,104]} 1. c4 d6 2. g3 e5 3. Bg2 f5 4. e3 Nf6 5. Nc3 c6 6. Nge2 Be7 7. O-O O-O {LiveBook: 37 Games} 8. Qb3 {A21: English Opening: 1...e5 2 Nc3} (8. d3 Na6 9. f4 Qe8 10. b3 Bd8 11. Qd2 Bb6 12. Na4 Bc7 13. Bb2 Bd7 14. Rae1 Rd8 15. h3 b5 16. cxb5 cxb5 {1-0 (52) Oparin,G (2609)-Vitiugov,N (2730) Satka 2018}) 8... Na6 9. d4 e4 $146 ({Predecessor:} 9... Qc7 10. Bd2 Be6 11. Rac1 Qd7 12. d5 cxd5 13. Nxd5 Bxd5 14. cxd5 Nc5 15. Qxb7 Qxb7 {0-1 (15) Che Ahmed,C (1551)-Kazimierski,T (1707) IECC email 1999}) 10. a3 Nc7 11. f3 exf3 12. Bxf3 Ne6 13. Qc2 Ng5 14. Bg2 Bd7 15. Nf4 g6 16. b4 Rb8 17. Bb2 Ng4 (17... Re8 $1 $11) 18. Rae1 Bf6 19. Qd3 Qe7 20. h3 Nh6 21. e4 fxe4 22. Nxe4 Nxe4 23. Bxe4 Qg7 $11 24. Bg2 Rbe8 25. g4 Rxe1 26. Rxe1 Qf7 27. Bc1 Bg5 28. Rf1 Qg7 29. d5 Qe5 30. Nxg6 Rxf1+ 31. Bxf1 Bxc1 32. Nxe5 Bg5 33. Ng6 1-0

[Event "44th Guernsey Festival 2018"]
[Site "Vale"]
[Date "2018.10.27"]
[Round "7"]
[White "Dennis, Nigel W"]
[Black "O'Connell, Denis"]
[Result "1-0"]
[WhiteElo "1801"]
[BlackElo "1783"]
[Annotator "NA"]
[PlyCount "133"]
[EventDate "2018.10.21"]
[EventCountry "GCI"]
[SourceTitle "playchess.com"]
[Source "ChessBase"]
[SourceQuality "1"]

{[%evp 8,82,41,15,18,16,11,-2,32767,-43,-52,-43,80,77,90,-93,61,36,84,58,32767,219,224,217,245,253,306,313,423,230,284,220,216,223,237,220,243,205,210,32767,204,185,226,217,220,32767,255,233,224,240,326,239,242,254,256,212,217,214,204,204,205,204,214,211,266,268,255,128,505,32767,32767,589,32767,654,695,436,559]} 1. e4 d5 2. exd5 Nf6 3. d4 Bg4 4. Be2 Bxe2 5. Nxe2 Qxd5 6. O-O Nc6 7. Nbc3 Qh5 {LiveBook: 6 Partien B01: Scandinavian Defence} 8. Bf4 (8. d5 O-O-O 9. Nf4 Qxd1 10. Rxd1 Nb4 11. a3 Nxc2 12. Ra2 e5 13. dxe6 Rxd1+ 14. Nxd1 Nd4 15. exf7 {½-½ (53) Azarov,S (2582)-Vypkhaniuk,I (2302) Lvov 2017}) 8... O-O-O 9. Qe1 Nxd4 (9... Qf5 $15 {keeps the upper hand.}) 10. Nxd4 Rxd4 {[#]} 11. Be5 $2 $146 {[#]} ({Predecessor:} 11. Qe3 $1 $16 {[%cal Re3d4] is forced if you want to stay better.} c5 (11... Qc5 12. Rad1 e5 13. Bxe5 Rxd1 14. Rxd1 Qxe3 15. fxe3 {0-1 (50) Saparova,S (1741)-Nomindalai,T (1800) Ulaanbaatar 2016}) 12. Nb5) 11... Rd7 $2 (11... Ng4 $1 $17 12. Bg3 e6) 12. Qe3 b6 13. Rad1 (13. Rfd1 $16 Qf5 14. Qe2) 13... e6 14. Bxf6 $1 Bd6 15. Rxd6 $1 Rxd6 16. Bxg7 Rg8 17. Be5 Qg4 18. Qg3 (18. g3 $142) 18... Qxg3 19. Bxg3 Rd2 20. Rc1 Rg4 21. Kf1 a6 22. Ke1 Rd8 23. Rd1 Rxd1+ 24. Kxd1 Rb4 25. b3 Rd4+ 26. Ke2 Rd8 27. Be5 Rg8 28. g3 Kd7 29. a4 f5 30. h4 c5 31. Ke3 Kc6 32. Ne2 Kd5 33. Bb2 e5 34. c4+ Ke6 35. Nc3 Rg4 (35... Rg7 $142 36. Bc1 Rb7) 36. Nd5 f4+ 37. gxf4 $16 (37. Kf3 $18 {is the precise move to win.} fxg3 38. fxg3) 37... Rxh4 $2 (37... exf4+ $16 38. Nxf4+ Kf5) 38. fxe5 Rh3+ 39. f3 Rh2 40. Bc3 Rc2 41. Kf4 Rg2 42. Ke4 Re2+ 43. Kd3 Ra2 44. Nxb6 h5 45. Nd5 h4 46. Nf4+ Kf7 47. e6+ Ke7 48. Be1 h3 49. Nxh3 Kxe6 50. Nf4+ Kf5 51. Nd5 Rb2 52. Kc3 Rb1 53. Bh4 Rc1+ 54. Kd2 Rb1 55. Kc2 Rh1 56. Be7 Rh3 57. f4 Rh2+ 58. Kc3 Rh3+ 59. Kb2 Rh2+ 60. Ka3 Rh3 61. Bxc5 Ke4 62. Kb4 a5+ 63. Kxa5 Rxb3 64. Bb4 Kd4 65. Kb5 Rh3 66. f5 Rh8 67. Bc3+ 1-0